000 01589cam a2200325 i 4500
999 _c127636
_d127636
001 19022804
003 ARRUPE
005 20180314145539.0
008 160321s2016 nju b 001 0 eng
010 _a 2016013493
020 _a9780691171623 (hardcover : alk. paper)
040 _aDLC
_beng
_cDLC
_erda
_dDLC
042 _apcc
043 _an-us---
050 0 0 _aBX3708
_b.M34 2016
082 0 0 _a271/.5302
_223
100 1 _aMcGreevy, John T.,
_eauthor.
_940605
245 1 0 _aAmerican Jesuits and the world :
_bhow an embattled religious order made modern Catholicism global /
_cJohn T. McGreevy.
260 _aNew Jersey
_bPrinceton University Press
_c2016
300 _aviii, 315 p. ;
_c24 cm.
504 _aIncludes bibliographical references and index.
505 0 _aNineteenth-century Jesuits and their critics -- Ellsworth, Maine: education and religious liberty -- Westphalia, Missouri: nation -- Grand Couteau, Louisiana: miracle -- Philadelphia, Pennsylvania: Americans -- Manila, Philippines: empire.
610 2 0 _aJesuits
_zUnited States
_xHistory.
_940606
610 2 0 _aJesuits.
_98693
650 0 _aGlobalization
_xReligious aspects
_xCatholic Church.
_925506
906 _a7
_bcbc
_corignew
_d1
_eecip
_f20
_gy-gencatlg
942 _2lcc
_cMONOGRAPH